[Event "Euskadi ch 2008"]
[Site "Zornotza ESP"]
[Date "2008.03.25"]
[Round "2.11"]
[White "Ibarretxe Campo, Lander"]
[Black "Alcaide Luque, Aitor"]
[Result "0-1"]
[WhiteElo "2113"]
[BlackElo "2169"]
[PlyCount "96"]
[EventDate "2008.03.24"]
[EventType "swiss"]
[EventRounds "7"]
[EventCountry "ESP"]
[Source "lmi"]
[SourceDate "2008.03.24"]

1. e4 e6 2. d4 d5 3. exd5 exd5 4. Nf3 Bd6 5. Bd3 Bg4 6. O-O Nc6 7. c3 Qd7 8.
Bg5 Nge7 9. Bxe7 Nxe7 10. Nbd2 O-O 11. Qc2 Bf5 12. Rfe1 f6 13. Bxf5 Qxf5 14.
Qxf5 Nxf5 15. Kf1 c6 16. Ke2 g5 17. h3 h5 18. Kf1 Kf7 19. Nb3 a5 20. Ng1 a4 21.
Nc5 Bxc5 22. dxc5 Ra5 23. b4 axb3 24. axb3 Rxc5 25. Ra7 Rb5 26. Rb1 Nd6 27. Ne2
Ne4 28. Ra2 Rb6 29. f3 Nd6 30. Nc1 Re8 31. Kf2 Nb5 32. Re2 Nxc3 33. Rxe8 Kxe8
34. Ra1 Ra6 35. Rxa6 bxa6 36. Ke3 Kd7 37. Kd4 Nb5+ 38. Kc5 Kc7 39. Nd3 Nd6 40.
g4 hxg4 41. hxg4 Nb7+ 42. Kd4 Kd6 43. f4 c5+ 44. Kc3 d4+ 45. Kb2 Kd5 46. fxg5
fxg5 47. Nf2 Nd6 48. Ka3 Ne4 0-1

[Event "Euskadi ch 2008"]
[Site "Zornotza ESP"]
[Date "2008.03.25"]
[Round "2.12"]
[White "Axpe Balenciaga, Iñigo"]
[Black "Hernandez Perez, Jesus"]
[Result "0-1"]
[WhiteElo "2167"]
[BlackElo "2043"]
[PlyCount "144"]
[EventDate "2008.03.24"]
[EventType "swiss"]
[EventRounds "7"]
[EventCountry "ESP"]
[Source "lmi"]
[SourceDate "2008.03.24"]

1. d4 e6 2. c4 f5 3. Nc3 Nf6 4. g3 Be7 5. Bg2 O-O 6. Nh3 d6 7. Qb3 c6 8. O-O
Qb6 9. Qxb6 axb6 10. b3 d5 11. Na4 Bd8 12. Nc3 Na6 13. Ba3 Re8 14. f3 Be7 15.
Bxe7 Rxe7 16. Na4 Nd7 17. a3 Nc7 18. Nc3 Nf6 19. Nf4 Bd7 20. Nd3 Be8 21. h3 Nd7
22. f4 Bg6 23. Kf2 Ne8 24. Ra2 Nd6 25. Nb2 Bf7 26. Rd1 h6 27. a4 g5 28. fxg5
hxg5 29. e3 Kg7 30. Rda1 Bg6 31. a5 bxa5 32. Rxa5 Rxa5 33. Rxa5 Nf6 34. Ra7
Nfe4+ 35. Nxe4 fxe4 36. g4 Kf6 37. Ra8 e5 38. cxd5 cxd5 39. Rd8 Ke6 40. Na4
Rf7+ 41. Ke2 exd4 42. exd4 Rc7 43. Nc5+ Ke7 44. Rb8 Be8 45. Ke3 Bc6 46. Bf1 Rc8
47. Rxc8 Nxc8 48. b4 b6 49. Nb3 Nd6 50. Nd2 Bb5 51. Bxb5 Nxb5 52. Nxe4 dxe4 53.
Kxe4 Ke6 54. d5+ Kf6 55. d6 Nxd6+ 56. Kd5 Ke7 57. Ke5 Nf7+ 58. Kf5 b5 59. Kg6
Ke6 60. Kh5 Kf6 61. h4 gxh4 62. Kxh4 Ng5 63. Kh5 Nf7 64. Kh4 Ne5 65. Kh5 Nf3
66. Kh6 Ng5 67. Kh5 Nf7 68. Kh4 Ne5 69. Kh5 Kf7 70. Kg5 Nd3 71. Kf5 Nxb4 72.
Ke4 Na6 0-1

[Event "Euskadi ch 2008"]
[Site "Zornotza ESP"]
[Date "2008.03.26"]
[Round "3.1"]
[White "Gonzalez De La Torre, Santiago"]
[Black "Ruiz Gomez, Alejandro"]
[Result "1-0"]
[WhiteElo "2389"]
[BlackElo "2365"]
[PlyCount "111"]
[EventDate "2008.03.24"]
[EventType "swiss"]
[EventRounds "7"]
[EventCountry "ESP"]
[Source "lmi"]
[SourceDate "2008.03.24"]

1. e4 d5 2. exd5 Qxd5 3. Nc3 Qd6 4. d4 Nf6 5. Nf3 a6 6. g3 Bg4 7. Bg2 Nc6 8.
O-O e6 9. Bf4 Qb4 10. Bxc7 Rc8 11. Be5 Qxb2 12. Na4 Qa3 13. Nb6 Rd8 14. Qc1
Nxe5 15. Nxe5 Qxc1 16. Raxc1 Rxd4 17. Bxb7 Bc5 18. Na4 Ba3 19. Bc6+ Ke7 20. Rb1
Kd6 21. f4 Rc8 22. c3 Rxa4 23. Bxa4 Rxc3 24. Rb3 Rxb3 25. Bxb3 Bc5+ 26. Kg2 Bh5
27. h3 Nd5 28. Bxd5 exd5 29. g4 Bg6 30. Nxg6 hxg6 31. Kf3 Kc6 32. Ke2 Kd6 33.
Kd3 Kd7 34. Re1 Bd6 35. Kd4 Bxf4 36. Kxd5 g5 37. Kc5 a5 38. Rd1+ Ke6 39. Kb5
Bc7 40. Re1+ Kd6 41. Rc1 g6 42. Rc6+ Kd7 43. Rf6 Ke7 44. Ra6 Kd7 45. Kc5 Bd8
46. Kd5 Ke7 47. a4 Kd7 48. Ra7+ Bc7 49. Ra6 Ke7 50. Kc6 Bd8 51. Ra8 f5 52. Kd5
Bc7 53. Ra6 f4 54. Rxg6 f3 55. Rg7+ Kd8 56. Rxg5 1-0

[Event "Euskadi ch 2008"]
[Site "Zornotza ESP"]
[Date "2008.03.26"]
[Round "3.2"]
[White "Angulo Martinez, Jon"]
[Black "Franco Alonso, Alejandro"]
[Result "0-1"]
[WhiteElo "2165"]
[BlackElo "2445"]
[PlyCount "52"]
[EventDate "2008.03.24"]
[EventType "swiss"]
[EventRounds "7"]
[EventCountry "ESP"]
[Source "lmi"]
[SourceDate "2008.03.24"]

1. e4 c5 2. Nf3 e6 3. d4 cxd4 4. Nxd4 Nf6 5. Nc3 d6 6. Bc4 Be7 7. O-O O-O 8.
Be3 Nc6 9. f3 Bd7 10. Qe2 a6 11. Nxc6 Bxc6 12. a4 Qa5 13. Qf2 Nd7 14. Ne2 Rac8
15. Nd4 Ne5 16. Nb3 Qc7 17. Bb6 Qd7 18. Be2 Bxa4 19. f4 Nc4 20. Bd4 Bxb3 21.
Qg3 e5 22. cxb3 Nd2 23. fxe5 Nxf1 24. Rxf1 dxe5 25. Bxe5 f6 26. Bg4 Bc5+ 0-1

[Event "Euskadi ch 2008"]
[Site "Zornotza ESP"]
[Date "2008.03.26"]
[Round "3.3"]
[White "Huerga Leache, Mikel"]
[Black "Trigo Urquijo, Sergio"]
[Result "1-0"]
[WhiteElo "2440"]
[BlackElo "2169"]
[PlyCount "107"]
[EventDate "2008.03.24"]
[EventType "swiss"]
[EventRounds "7"]
[EventCountry "ESP"]
[Source "lmi"]
[SourceDate "2008.03.24"]

1. d4 d6 2. e4 Nf6 3. Nc3 e5 4. Nge2 Be7 5. f3 c6 6. Be3 O-O 7. g4 b5 8. Ng3
exd4 9. Bxd4 b4 10. Nce2 Ne8 11. Qd2 a5 12. Nf4 Bf6 13. O-O-O a4 14. Bxf6 Qxf6
15. Ngh5 Qg5 16. Nd3 Qxd2+ 17. Rxd2 Na6 18. Ndf4 Nc5 19. Ng3 g6 20. h4 Kg7 21.
h5 h6 22. Kb1 Nd7 23. hxg6 Ne5 24. Ngh5+ Kh8 25. g7+ Nxg7 26. Nxg7 Kxg7 27.
Rxd6 Nxf3 28. Nh5+ Kh7 29. Nf4 Bxg4 30. Be2 Ne5 31. Rhxh6+ Kg7 32. Bxg4 Nxg4
33. Rh4 Ne5 34. Nh5+ Kg8 35. Rd1 Rad8 36. Rg1+ Ng6 37. e5 Rd1+ 38. Rxd1 Nxh4
39. Rd4 Nf5 40. Rxb4 Rd8 41. a3 Rd1+ 42. Ka2 Rd2 43. Rxa4 Rxc2 44. Rg4+ Kf8 45.
Rf4 Ng7 46. Nxg7 Kxg7 47. Re4 Kg6 48. e6 fxe6 49. Rxe6+ Kf7 50. Re1 Rc5 51. b4
Rc2+ 52. Kb3 Rh2 53. Re3 Rh1 54. Kc4 1-0

[Event "Euskadi ch 2008"]
[Site "Zornotza ESP"]
[Date "2008.03.26"]
[Round "3.4"]
[White "Nava Pereda, Carlos"]
[Black "Agirretxe San Sebastian, Jesus"]
[Result "1-0"]
[WhiteElo "2293"]
[BlackElo "2182"]
[PlyCount "73"]
[EventDate "2008.03.24"]
[EventType "swiss"]
[EventRounds "7"]
[EventCountry "ESP"]
[Source "lmi"]
[SourceDate "2008.03.24"]

1. Nf3 d5 2. d4 Nf6 3. c4 c6 4. Nc3 a6 5. e3 Bg4 6. cxd5 Nxd5 7. Be2 e6 8. O-O
Be7 9. e4 Nxc3 10. bxc3 O-O 11. Rb1 b5 12. Ne5 Bxe2 13. Qxe2 Qc7 14. f4 Nd7 15.
Kh1 c5 16. Be3 Rac8 17. Rbd1 cxd4 18. cxd4 Nf6 19. Bf2 Qc2 20. Qxc2 Rxc2 21.
Bh4 Rxa2 22. Nc6 Ba3 23. Bxf6 gxf6 24. d5 exd5 25. exd5 Bd6 26. Nd4 Rd8 27. Nf5
b4 28. Rd3 Bxf4 29. d6 Rd7 30. Rd4 Bd2 31. Rd1 Bc3 32. Rc4 h5 33. Rc7 Rd8 34.
Nh6+ Kg7 35. Nxf7 Re8 36. d7 Rd2 37. dxe8=N+ 1-0

[Event "Euskadi ch 2008"]
[Site "Zornotza ESP"]
[Date "2008.03.26"]
[Round "3.5"]
[White "Astasio Lopez, David"]
[Black "Varas Gonzalez, Carlos"]
[Result "1-0"]
[WhiteElo "2215"]
[BlackElo "2250"]
[PlyCount "105"]
[EventDate "2008.03.24"]
[EventType "swiss"]
[EventRounds "7"]
[EventCountry "ESP"]
[Source "lmi"]
[SourceDate "2008.03.24"]

1. d4 Nf6 2. Nd2 d5 3. Ngf3 e6 4. e3 c5 5. c3 Nc6 6. Bd3 Bd6 7. O-O O-O 8. Qe2
Qc7 9. a3 c4 10. Bc2 e5 11. dxe5 Nxe5 12. Nxe5 Bxe5 13. h3 Re8 14. Qf3 Bd7 15.
Re1 b5 16. Qd1 a5 17. Nf3 Bd6 18. Nd4 g6 19. Bd2 Ne4 20. Bxe4 dxe4 21. f4 exf3
22. Qxf3 Qc5 23. Re2 Qe5 24. g4 Qe4 25. Rf1 Qxf3 26. Rxf3 Be5 27. Kf2 Re7 28.
Ke1 Be8 29. Kd1 Rb7 30. Be1 Bg7 31. g5 Bf8 32. e4 Be7 33. Rg3 b4 34. cxb4 axb4
35. Bxb4 Bxb4 36. axb4 Rxb4 37. Kc2 Rb6 38. Kc3 Rab8 39. Rge3 Bd7 40. e5 Bxh3
41. Rxh3 Rb3+ 42. Nxb3 Rxb3+ 43. Kxc4 Rxh3 44. b4 Rh1 45. b5 Rb1 46. Kc5 Kg7
47. b6 Rc1+ 48. Kd6 Rd1+ 49. Kc7 Rc1+ 50. Kb8 h6 51. gxh6+ Kxh6 52. b7 g5 53.
Rb2 1-0

[Event "Euskadi ch 2008"]
[Site "Zornotza ESP"]
[Date "2008.03.26"]
[Round "3.6"]
[White "Gomez Esteban, Juan Mario"]
[Black "Sanz Perez, Eduardo"]
[Result "1-0"]
[WhiteElo "2496"]
[BlackElo "2161"]
[PlyCount "71"]
[EventDate "2008.03.24"]
[EventType "swiss"]
[EventRounds "7"]
[EventCountry "ESP"]
[Source "lmi"]
[SourceDate "2008.03.24"]

1. d4 e6 2. Nf3 Nf6 3. c4 b6 4. Nc3 Bb4 5. Bd2 O-O 6. g3 Bb7 7. Bg2 d6 8. O-O
Nbd7 9. a3 Bxc3 10. Bxc3 Ne4 11. Be1 f5 12. b4 g5 13. a4 Rb8 14. a5 h5 15. Qc1
Kh7 16. axb6 axb6 17. Ra7 Rg8 18. Qc2 Ndf6 19. d5 e5 20. Nd2 Bc8 21. Nxe4 Nxe4
22. Bxe4 fxe4 23. Qxe4+ Kh6 24. Bd2 Bh3 25. Rfa1 Qd7 26. f3 Bf5 27. Rxc7 Qxc7
28. Qxf5 Rg6 29. h4 Rbg8 30. hxg5+ Kg7 31. Qe4 Rf8 32. Kg2 Rh8 33. Be3 Rc8 34.
Ra6 Qxc4 35. Ra7+ Rc7 36. Qxc4 1-0

[Event "Euskadi ch 2008"]
[Site "Zornotza ESP"]
[Date "2008.03.26"]
[Round "3.7"]
[White "Diez Fraile, David"]
[Black "Argandoña Rivero, Iñigo"]
[Result "1/2-1/2"]
[WhiteElo "2150"]
[BlackElo "2404"]
[PlyCount "36"]
[EventDate "2008.03.24"]
[EventType "swiss"]
[EventRounds "7"]
[EventCountry "ESP"]
[Source "lmi"]
[SourceDate "2008.03.24"]

1. e4 c5 2. Nf3 d6 3. d4 cxd4 4. Nxd4 Nf6 5. Nc3 g6 6. f4 Nc6 7. Nxc6 bxc6 8.
e5 dxe5 9. Qxd8+ Kxd8 10. fxe5 Ng4 11. Bf4 Ke8 12. h3 g5 13. Bxg5 Nxe5 14.
O-O-O h5 15. g3 Bh6 16. Bf4 Rb8 17. Bg2 Rb4 18. Rhe1 f6 1/2-1/2

[Event "Euskadi ch 2008"]
[Site "Zornotza ESP"]
[Date "2008.03.26"]
[Round "3.8"]
[White "Villalta Bustillo, Igor"]
[Black "Burguete Archel, Eduardo"]
[Result "1-0"]
[WhiteElo "2119"]
[BlackElo "2173"]
[PlyCount "59"]
[EventDate "2008.03.24"]
[EventType "swiss"]
[EventRounds "7"]
[EventCountry "ESP"]
[Source "lmi"]
[SourceDate "2008.03.24"]

1. d4 Nf6 2. Nf3 d5 3. e3 Bg4 4. c4 e6 5. Qb3 Qc8 6. Nbd2 Bxf3 7. Nxf3 Nbd7 8.
Bd3 c6 9. O-O Bd6 10. Bd2 a5 11. Bc3 O-O 12. Nd2 e5 13. cxd5 Nxd5 14. Nc4 Qc7
15. Nxd6 Qxd6 16. Rfd1 Qc7 17. Be4 N5f6 18. Bf5 e4 19. d5 Nxd5 20. f3 exf3 21.
Qc2 Nxe3 22. Bxh7+ Kh8 23. Qe4 Nxg2 24. Bf5 Qf4 25. Qxf4 Nxf4 26. Rxd7 Rae8 27.
Kf2 b5 28. Rb1 Ng6 29. Bxg6 b4 30. Bxg7+ 1-0

[Event "Euskadi ch 2008"]
[Site "Zornotza ESP"]
[Date "2008.03.26"]
[Round "3.9"]
[White "Hernandez Perez, Jesus"]
[Black "Alcaide Luque, Aitor"]
[Result "1/2-1/2"]
[WhiteElo "2043"]
[BlackElo "2169"]
[PlyCount "60"]
[EventDate "2008.03.24"]
[EventType "swiss"]
[EventRounds "7"]
[EventCountry "ESP"]
[Source "lmi"]
[SourceDate "2008.03.24"]

1. e4 e6 2. d3 d5 3. Nd2 Nf6 4. g3 b6 5. Bg2 dxe4 6. Nxe4 Nxe4 7. Bxe4 c6 8.
Ne2 Bb7 9. O-O Nd7 10. Nc3 Nf6 11. Bg2 Be7 12. Qe2 O-O 13. b3 Bc5 14. Be3 Bd4
15. Bxd4 Qxd4 16. Ne4 Rac8 17. Nxf6+ Qxf6 18. Rfe1 Rc7 19. Qe5 Qxe5 20. Rxe5
Bc8 21. f4 Bd7 22. Kf2 c5 23. Rae1 Rfc8 24. a4 Kf8 25. Ke2 a6 26. Kd2 Ra7 27.
Ra1 Ke7 28. a5 b5 29. c3 Rac7 30. Kc2 Kd6 1/2-1/2

[Event "Euskadi ch 2008"]
[Site "Zornotza ESP"]
[Date "2008.03.26"]
[Round "3.10"]
[White "Urbieta Gabancho, Koldo"]
[Black "Martin Alvarez, Iñigo"]
[Result "0-1"]
[WhiteElo "2018"]
[BlackElo "2189"]
[PlyCount "140"]
[EventDate "2008.03.24"]
[EventType "swiss"]
[EventRounds "7"]
[EventCountry "ESP"]
[Source "lmi"]
[SourceDate "2008.03.24"]

1. Nf3 Nf6 2. b3 g6 3. Bb2 Bg7 4. c4 O-O 5. g3 c5 6. Bg2 Nc6 7. O-O d6 8. d3 a6
9. Qc1 Rb8 10. Nh4 Qc7 11. f4 b5 12. Nd2 Bb7 13. Ne4 Nxe4 14. Bxg7 Nxg3 15.
hxg3 Kxg7 16. Qb2+ Kg8 17. g4 Nd4 18. e3 Bxg2 19. Qxg2 Nc6 20. g5 bxc4 21. dxc4
f5 22. gxf6 exf6 23. Rad1 Rf7 24. Nf5 Rd7 25. Qd5+ Kh8 26. Nh6 Kg7 27. Ng4 f5
28. Ne5 Nxe5 29. fxe5 Rbd8 30. e6 Re7 31. e4 fxe4 32. Rf4 Qb7 33. Qg5 Rde8 34.
Qf6+ Kg8 35. Rxd6 Qc8 36. Rxe4 Qc7 37. Rd3 Qc6 38. Rde3 Qd6 39. Kg2 Qc6 40. Kg1
Qd6 41. Kg2 Qd2+ 42. Re2 Qd1 43. Re1 Qd6 44. R1e2 Qc6 45. Kh3 Qd6 46. Kg2 Rf8
47. Qg5 Rf5 48. Qg3 Qxg3+ 49. Kxg3 Kg7 50. Rd2 Kf6 51. Rd6 a5 52. Ra6 g5 53.
Kg4 Kg6 54. Rxa5 h5+ 55. Kg3 g4 56. Ra8 Rf3+ 57. Kg2 Kf5 58. Re2 Rxe6 59. Rf8+
Rf6 60. Rh8 Kg5 61. Re5+ R6f5 62. Rxf5+ Rxf5 63. Rd8 h4 64. a4 h3+ 65. Kg1 Kh4
66. a5 Kg3 67. Rd3+ Rf3 68. Rd1 Rxb3 69. Ra1 h2+ 70. Kh1 Kh3 0-1

[Event "Euskadi ch 2008"]
[Site "Zornotza ESP"]
[Date "2008.03.26"]
[Round "3.11"]
[White "Perez Fernandez, Modesto"]
[Black "Prieto Aranguren, Alain"]
[Result "1-0"]
[WhiteElo "2109"]
[BlackElo "2177"]
[PlyCount "55"]
[EventDate "2008.03.24"]
[EventType "swiss"]
[EventRounds "7"]
[EventCountry "ESP"]
[Source "lmi"]
[SourceDate "2008.03.24"]

1. e4 d6 2. d4 Nf6 3. Nc3 g6 4. Bg5 Nfd7 5. f4 c6 6. Nf3 Bg7 7. Qd2 O-O 8. f5
c5 9. fxg6 hxg6 10. O-O-O cxd4 11. Nxd4 Nc6 12. Nb3 Nde5 13. h4 f6 14. Bh6 Bxh6
15. Qxh6 Rf7 16. Be2 Qf8 17. Qf4 Kh7 18. Kb1 Qh6 19. Qf2 Bg4 20. Bxg4 Nxg4 21.
Qe2 Nce5 22. Rh3 Rc8 23. Nd4 Rff8 24. h5 gxh5 25. Rdh1 Kg6 26. Nf5 Qh7 27. Nd5
Nc6 28. Qxg4+ 1-0

[Event "Euskadi ch 2008"]
[Site "Zornotza ESP"]
[Date "2008.03.26"]
[Round "3.12"]
[White "Ibarretxe Campo, Lander"]
[Black "Axpe Balenciaga, Iñigo"]
[Result "0-1"]
[WhiteElo "2113"]
[BlackElo "2167"]
[PlyCount "60"]
[EventDate "2008.03.24"]
[EventType "swiss"]
[EventRounds "7"]
[EventCountry "ESP"]
[Source "lmi"]
[SourceDate "2008.03.24"]

1. c4 d6 2. Nc3 g6 3. g3 Bg7 4. Bg2 c6 5. e3 Nf6 6. Nge2 e5 7. O-O O-O 8. b3
Be6 9. Bb2 d5 10. cxd5 cxd5 11. f4 e4 12. Rc1 Nc6 13. a3 Nd7 14. Na4 Bxb2 15.
Nxb2 Rc8 16. b4 b5 17. Nc3 Qb6 18. d4 Ne7 19. Qd2 h5 20. Qe2 a6 21. h3 Nf5 22.
Kf2 h4 23. gxh4 Qd8 24. Rfe1 Qxh4+ 25. Kg1 Ng3 26. Qf2 Nf6 27. Ne2 Nxe2+ 28.
Qxe2 Bxh3 29. Bxh3 Qxh3 30. Qg2 Rxc1 0-1

[Event "Euskadi ch 2008"]
[Site "Zornotza ESP"]
[Date "2008.03.27"]
[Round "4.1"]
[White "Franco Alonso, Alejandro"]
[Black "Gonzalez De La Torre, Santiago"]
[Result "1/2-1/2"]
[WhiteElo "2445"]
[BlackElo "2389"]
[PlyCount "65"]
[EventDate "2008.03.24"]
[EventType "swiss"]
[EventRounds "7"]
[EventCountry "ESP"]
[Source "lmi"]
[SourceDate "2008.03.24"]

1. d4 d5 2. c4 c6 3. Nc3 Nf6 4. Nf3 e6 5. e3 Nbd7 6. Qc2 Bd6 7. Be2 O-O 8. b3
a6 9. O-O e5 10. cxd5 cxd5 11. dxe5 Nxe5 12. Bb2 Be6 13. Rad1 Rc8 14. Qb1 Bb8
15. Nxe5 Bxe5 16. Nxd5 Bxh2+ 17. Kxh2 Nxd5 18. Rh1 f5 19. Kg1 Qg5 20. Bf3 Rfd8
21. Rh5 Qg6 22. Rh4 Rd7 23. Rhd4 Rcd8 24. Qc1 Qf7 25. Qc5 h6 26. Qa5 Kh7 27. g3
Kg8 28. R1d3 Kh8 29. Qd2 Kg8 30. Qd1 Kh7 31. Qd2 Kg8 32. Ba1 Kh7 33. Bb2
1/2-1/2

[Event "Euskadi ch 2008"]
[Site "Zornotza ESP"]
[Date "2008.03.27"]
[Round "4.2"]
[White "Nava Pereda, Carlos"]
[Black "Huerga Leache, Mikel"]
[Result "1/2-1/2"]
[WhiteElo "2293"]
[BlackElo "2440"]
[PlyCount "93"]
[EventDate "2008.03.24"]
[EventType "swiss"]
[EventRounds "7"]
[EventCountry "ESP"]
[Source "lmi"]
[SourceDate "2008.03.24"]

1. c4 e5 2. Nc3 Nf6 3. Nf3 Nc6 4. e4 Bc5 5. Nxe5 Nxe5 6. d4 Bb4 7. dxe5 Nxe4 8.
Qd4 Nxc3 9. bxc3 Bf8 10. Bd3 Qe7 11. O-O Qc5 12. Be3 Qxd4 13. cxd4 b6 14. a4
Bb4 15. Rab1 a5 16. c5 bxc5 17. dxc5 Bb7 18. Rfd1 Bc6 19. Bb5 Rb8 20. Bxc6 dxc6
21. Rb3 Rd8 22. Rxd8+ Kxd8 23. Kf1 Ke7 24. Rd3 Ke6 25. f4 h5 26. Ke2 Rb8 27. h3
h4 28. Bf2 Rh8 29. Kf3 f6 30. exf6 gxf6 31. f5+ Kxf5 32. Rd7 Re8 33. Rxc7 Be1
34. Be3 Re6 35. Rc8 Bc3 36. Bf2 Be1 37. Be3 Ke5 38. Rd8 Bg3 39. Rd7 Kf5 40. Ra7
Be1 41. Rc7 Bb4 42. Rh7 Be1 43. Rh5+ Kg6 44. Rh8 Kf5 45. Rh5+ Kg6 46. Rh8 Kf5
47. Rh5+ 1/2-1/2

[Event "Euskadi ch 2008"]
[Site "Zornotza ESP"]
[Date "2008.03.27"]
[Round "4.3"]
[White "Gomez Esteban, Juan Mario"]
[Black "Astasio Lopez, David"]
[Result "1-0"]
[WhiteElo "2496"]
[BlackElo "2215"]
[PlyCount "81"]
[EventDate "2008.03.24"]
[EventType "swiss"]
[EventRounds "7"]
[EventCountry "ESP"]
[Source "lmi"]
[SourceDate "2008.03.24"]

1. d4 d5 2. c4 e6 3. Nc3 Nf6 4. Nf3 Nbd7 5. cxd5 exd5 6. Bf4 c6 7. e3 Qa5 8.
Bd3 Ne4 9. Bxe4 dxe4 10. Ng5 Nf6 11. O-O Nd5 12. Ngxe4 Nxf4 13. exf4 Be6 14.
Ng5 O-O-O 15. Nxe6 fxe6 16. Re1 Bb4 17. Qd3 c5 18. Rxe6 Rxd4 19. Qf5 Kb8 20.
Qe5+ Ka8 21. Nd5 a6 22. g3 Rd8 23. Ne3 Bd2 24. Qxg7 Bxe3 25. Rxe3 Rd1+ 26. Rxd1
Rxd1+ 27. Kg2 Qb5 28. Kh3 Rd2 29. Re5 Ka7 30. Qe7 Rc2 31. Kg4 Qc4 32. b3 Qd4
33. Qxh7 Rxf2 34. Qc7 Rc2 35. Re6 Qd1+ 36. Kg5 Qd5+ 37. f5 Qd2+ 38. Kg6 Qb4 39.
h3 c4 40. Qf4 Qc5 41. Qe3 1-0

[Event "Euskadi ch 2008"]
[Site "Zornotza ESP"]
[Date "2008.03.27"]
[Round "4.4"]
[White "Ruiz Gomez, Alejandro"]
[Black "Villalta Bustillo, Igor"]
[Result "1-0"]
[WhiteElo "2365"]
[BlackElo "2119"]
[PlyCount "159"]
[EventDate "2008.03.24"]
[EventType "swiss"]
[EventRounds "7"]
[EventCountry "ESP"]
[Source "lmi"]
[SourceDate "2008.03.24"]

1. e4 e5 2. Nf3 Nf6 3. d4 Nxe4 4. Bd3 d5 5. dxe5 Be7 6. Nbd2 Nc5 7. Be2 O-O 8.
O-O Nc6 9. Nb3 Nxb3 10. axb3 f6 11. exf6 Bxf6 12. Ra4 Ne5 13. Ne1 c6 14. Be3 a6
15. c3 Bf5 16. Nc2 Bg6 17. Qd2 Re8 18. Rd1 Qe7 19. Bf1 Rad8 20. Bb6 Rc8 21. f3
Nd7 22. Re1 Be5 23. Bf2 Qf8 24. Ne3 Nc5 25. Ra3 Bf4 26. b4 Ne6 27. Bd3 Bxd3 28.
Qxd3 Rcd8 29. Nc2 Ng5 30. Raa1 Qd6 31. g3 Nh3+ 32. Kg2 Nxf2 33. Kxf2 Qh6 34.
Kg2 Bc7 35. Ne3 Bb6 36. Nf5 Qf6 37. f4 Re6 38. Rxe6 Qxe6 39. Rd1 Re8 40. Kf3 g6
41. Nh6+ Kg7 42. Ng4 Qe4+ 43. Qxe4 Rxe4 44. Rd2 Re1 45. c4 h5 46. Ne5 Re3+ 47.
Kg2 Rb3 48. cxd5 cxd5 49. Rxd5 Rxb2+ 50. Kf3 Rxb4 51. Rd7+ Kf6 52. Rxb7 Rb3+
53. Ke4 Rb4+ 54. Kd3 Ba5 55. Rf7+ Ke6 56. Rg7 Rb3+ 57. Kc2 Rc3+ 58. Kb2 Kf5 59.
Rxg6 Re3 60. Rg5+ Ke4 61. Rxh5 Bc3+ 62. Kc2 Bd4 63. Nf7 Rc3+ 64. Kd2 Rd3+ 65.
Kc2 Rc3+ 66. Kd2 Rd3+ 67. Ke2 Re3+ 68. Kf1 Ra3 69. Kg2 Ra2+ 70. Kh3 Bg1 71. Kg4
Bxh2 72. Ng5+ Ke3 73. Nf3 Bxg3 74. Kxg3 a5 75. Re5+ Kd3 76. f5 Rb2 77. Rxa5 Ke4
78. Re5+ Kd3 79. Kf4 Rb8 80. f6 1-0

[Event "Euskadi ch 2008"]
[Site "Zornotza ESP"]
[Date "2008.03.27"]
[Round "4.5"]
[White "Argandoña Rivero, Iñigo"]
[Black "Perez Fernandez, Modesto"]
[Result "1-0"]
[WhiteElo "2404"]
[BlackElo "2109"]
[PlyCount "81"]
[EventDate "2008.03.24"]
[EventType "swiss"]
[EventRounds "7"]
[EventCountry "ESP"]
[Source "lmi"]
[SourceDate "2008.03.24"]

1. d4 d5 2. c4 c6 3. Nf3 Nf6 4. Nc3 e6 5. Bg5 Nbd7 6. cxd5 cxd5 7. e3 Bd6 8.
Bd3 O-O 9. O-O a6 10. a4 b6 11. Rc1 Bb7 12. Bb1 h6 13. Bf4 Bxf4 14. exf4 Qe7
15. Qb3 Rfc8 16. Rce1 Qd6 17. Ne5 Rc7 18. f5 exf5 19. Bxf5 Nf8 20. Re3 Bc6 21.
Bb1 Rb8 22. Rd1 Rcb7 23. Nd3 b5 24. axb5 axb5 25. Qb4 Qxb4 26. Nxb4 Be8 27. f4
g6 28. h3 h5 29. Re5 N8d7 30. Rg5 Nh7 31. Rg3 Ndf6 32. Re1 Kf8 33. Bxg6 fxg6
34. Re6 Rb6 35. Rxb6 Rxb6 36. Rxg6 Kf7 37. Rg3 Ne4 38. Re3 Nxc3 39. Rxc3 Nf6
40. f5 Ne4 41. Rc7+ 1-0

[Event "Euskadi ch 2008"]
[Site "Zornotza ESP"]
[Date "2008.03.27"]
[Round "4.6"]
[White "Varas Gonzalez, Carlos"]
[Black "Angulo Martinez, Jon"]
[Result "1-0"]
[WhiteElo "2250"]
[BlackElo "2165"]
[PlyCount "97"]
[EventDate "2008.03.24"]
[EventType "swiss"]
[EventRounds "7"]
[EventCountry "ESP"]
[Source "lmi"]
[SourceDate "2008.03.24"]

1. e4 e5 2. Nf3 Nc6 3. Nc3 Nf6 4. d4 exd4 5. Nd5 Nxd5 6. exd5 Bb4+ 7. Bd2 Qe7+
8. Qe2 Bxd2+ 9. Kxd2 Qxe2+ 10. Bxe2 Nb8 11. d6 c5 12. Rhe1 O-O 13. Bc4 Nc6 14.
Ng5 Nd8 15. a4 b6 16. Re7 h6 17. Nh3 Nc6 18. Bd5 Rb8 19. Bxc6 dxc6 20. d7 Ba6
21. a5 b5 22. Rae1 Rbd8 23. R1e5 c4 24. Rc5 Bb7 25. a6 Bxa6 26. Rxc6 Bb7 27.
Rc7 Bxg2 28. Nf4 Bf3 29. Rxa7 g6 30. Ne2 Kg7 31. Nxd4 Kf6 32. Re8 Bd5 33. Rxf8
Rxf8 34. Nxb5 Rd8 35. Kc3 Be6 36. Nd4 Bxd7 37. Kxc4 Ke5 38. c3 f5 39. b4 Ke4
40. Rc7 g5 41. b5 h5 42. b6 Rc8 43. Rxc8 Bxc8 44. Nb3 Ba6+ 45. Kb4 f4 46. Ka5
Bb7 47. Nc5+ Kf3 48. Nxb7 Kxf2 49. Nd6 1-0

[Event "Euskadi ch 2008"]
[Site "Zornotza ESP"]
[Date "2008.03.27"]
[Round "4.7"]
[White "Martin Alvarez, Iñigo"]
[Black "Diez Fraile, David"]
[Result "0-1"]
[WhiteElo "2189"]
[BlackElo "2150"]
[PlyCount "77"]
[EventDate "2008.03.24"]
[EventType "swiss"]
[EventRounds "7"]
[EventCountry "ESP"]
[Source "lmi"]
[SourceDate "2008.03.24"]

1. e4 c5 2. Nc3 Nc6 3. g3 g6 4. Bg2 Bg7 5. f4 d6 6. d3 Nf6 7. Nge2 O-O 8. O-O
Ne8 9. Be3 Nd4 10. Qd2 Nc7 11. Nc1 Rb8 12. Nd1 b5 13. c3 Nc6 14. f5 b4 15. Bh6
bxc3 16. bxc3 Ba6 17. Bxg7 Kxg7 18. Ne3 Ne5 19. c4 Rb4 20. h3 f6 21. Ne2 Qb8
22. Nf4 Bb7 23. Rab1 Bc6 24. Rxb4 Qxb4 25. Qxb4 cxb4 26. d4 Nd7 27. Nc2 Rb8 28.
Rb1 Ba4 29. Ne3 a5 30. Ned5 Nxd5 31. Nxd5 b3 32. axb3 Bxb3 33. Nxe7 a4 34. Nc6
Rb6 35. Na5 Bxc4 36. Rc1 Bf7 37. d5 gxf5 38. Rc7 a3 39. Rc1 0-1

[Event "Euskadi ch 2008"]
[Site "Zornotza ESP"]
[Date "2008.03.27"]
[Round "4.8"]
[White "Alcaide Luque, Aitor"]
[Black "Agirretxe San Sebastian, Jesus"]
[Result "1/2-1/2"]
[WhiteElo "2169"]
[BlackElo "2182"]
[PlyCount "30"]
[EventDate "2008.03.24"]
[EventType "swiss"]
[EventRounds "7"]
[EventCountry "ESP"]
[Source "lmi"]
[SourceDate "2008.03.24"]

1. d4 d5 2. c4 c6 3. Nc3 Nf6 4. cxd5 cxd5 5. Nf3 Nc6 6. Bf4 Bf5 7. a3 e6 8. e3
Bd6 9. Bxd6 Qxd6 10. Bd3 Bxd3 11. Qxd3 O-O 12. O-O Rfc8 13. Rac1 Na5 14. Ne5 a6
15. Na4 b5 1/2-1/2

[Event "Euskadi ch 2008"]
[Site "Zornotza ESP"]
[Date "2008.03.27"]
[Round "4.9"]
[White "Trigo Urquijo, Sergio"]
[Black "Hernandez Perez, Jesus"]
[Result "1/2-1/2"]
[WhiteElo "2169"]
[BlackElo "2043"]
[PlyCount "45"]
[EventDate "2008.03.24"]
[EventType "swiss"]
[EventRounds "7"]
[EventCountry "ESP"]
[Source "lmi"]
[SourceDate "2008.03.24"]

1. e4 e6 2. d4 d5 3. Nc3 dxe4 4. Nxe4 Bd7 5. Bd3 Bc6 6. Nf3 Nd7 7. O-O Ngf6 8.
Ng3 Be7 9. b3 O-O 10. c4 b6 11. Bb2 Bb7 12. Qe2 c5 13. Rad1 Qc7 14. Bc2 Rfe8
15. Rfe1 Rad8 16. Ng5 Nf8 17. N3e4 h6 18. Nf3 Nxe4 19. Bxe4 Bxe4 20. Qxe4 Bf6
21. Rd3 Ng6 22. g3 Re7 23. Red1 1/2-1/2